| 000 | 00986nam a2200277 a 4500 | ||
|---|---|---|---|
| 001 | BRL_1136 | ||
| 005 | 20190320211042.0 | ||
| 008 | 151113s1988----mx-a######---#000-0#spa-# | ||
| 020 | _a9686038728 | ||
| 041 | _aspa | ||
| 044 | _amx | ||
| 050 | 4 |
_aGN17.3.M6 _b.G37 1988 |
|
| 245 | 1 | 0 |
_aLa antropología en México _bPanoráma histórico _cCoordinador General Carlos García Mora. |
| 260 |
_aMéxico _bInstituto Nacional de Antropología e Historia _c1988 |
||
| 300 |
_a2 v. _bil. _c21 cm. |
||
| 440 | 0 |
_aColección Biblioteca del INAH _925889 |
|
| 500 | _av.6 Au1313 ; v.12 Au2136 | ||
| 500 | _aLa bibloteca cuenta solo con los volumenes 6 y 12 | ||
| 505 | 0 | _aContenido: v.6 El desarrollo técnico. - v.12 La antropología en el norte de México. | |
| 650 | 1 | 4 |
_aAntropogía _zMéxico _925890 |
| 650 | 1 | 4 |
_aIndígenas de México _xEstudio y enseñanza _925891 |
| 651 | 4 |
_aMéxico _xAntigüedades _92765 |
|
| 700 | 1 |
_aGarcía Mora, Carlos _925892 |
|
| 902 | _aGRL | ||
| 942 |
_2lcc _cB |
||
| 999 |
_c9948 _d9948 |
||